000 01044nam a22002897a 4500
001 9685
003 FISKH
005 20260424083422.0
008 260129b cb ||||| |||| 00| 0 eng d
020 _a9780462001173
040 _aFISKH
_beng
_cFISKH
_dFISKH
050 _aPZ7
082 _a372.6
100 _aMichele, Tracey
_eAuthor
245 _aThis little girl /
_cWritten by Tracey Michele ; photographed by Victoria St John
260 _aSingapore :
_bMarshall Cavendish International ,
_c2008
300 _a16 pages :
_bphotographs ;
_c19 cm
490 _aMy pals are here! :
_v14b
505 _aG
520 _aThis little girl cannot walk. She has a wheelchair to help her. But she can still do a lot of things. She can do all the things you can do. She plays games with her friends. She loves to play games, just like you.
521 8 _a400
_bLexile estimate
521 8 _aG
_bRaz-Plus
650 _aPicture book
_vWheelchair
700 _aJohn, Victoria St
_ePhotographer
942 _2ddc
_cBK
_n0
999 _c9685
_d9685